• 首页
  • 本馆介绍
  • 公告通知
  • 最新文献
  • 馆藏检索
  • 电子资源
  • 读者导购
  • 参考咨询
  • 我的图书馆
  • 登录
  • 详细信息显示
  • 放入我的书架
  • 预约/预借图书
  • 作者相关作品
  • 分类相关作品
  • 丛书相关作品
  • 出版社相关作品

书目信息

  • 表格格式
  • 工作单格式
  • 卡片格式
题名:
传统体育
    
 
作者: 范益来 编著
分册:  
出版信息: 北京   北京出版社  2022.07
页数: 122页
开本: 21cm
丛书名: 北京非遗传承丛书
单 册:
中图分类: G85
科图分类:
主题词: 传统体育项目--介绍--北京
电子资源:
ISBN: 978-7-200-17023-8
000 00791nam0 2200241 450
001 012001000529
005 20141201150833.0
010    @a978-7-200-17023-8@dCNY39.80
100    @a20220905d2022 em y0chiy50 ea
101 0  @achi
102    @aCN@b110000
105    @aa z 000yy
106    @ar
200 1  @a传统体育@Achuan tong ti yu@f范益来编著
210    @a北京@c北京出版社@d2022.07
215    @a122页@c彩图@d21cm
225 1  @a北京非遗传承丛书@f曹保明主编
330    @a本书内容包括:围棋、象棋、抖空竹、天桥中幡、天桥摔跤、吴氏太极拳、八卦掌、通背拳、傅氏幻术、八极拳、老北京跤艺、帽山满族二魁摔跤、南窖水峪中幡等。
606 0  @a传统体育项目@x介绍@y北京
690    @aG85@v5
701  0 @a范益来@Afan yi lai@4编著
801  0 @aCN@bAHXH@c20221111
905    @b1362245-9@dG85@e606@f5
    
    传统体育/范益来编著.-北京:北京出版社,2022.07
    122页:彩图;21cm.-(北京非遗传承丛书/曹保明主编)
    
    
    ISBN 978-7-200-17023-8:CNY39.80
    本书内容包括:围棋、象棋、抖空竹、天桥中幡、天桥摔跤、吴氏太极拳、八卦掌、通背拳、傅氏幻术、八极拳、老北京跤艺、帽山满族二魁摔跤、南窖水峪中幡等。
●
相关链接 在E读中查询图书 在五车中查询图书 在当当中查询图书 在豆瓣中查询图书


正题名:传统体育     索取号:G85/606         预约/预借

序号 登录号 条形码 馆藏地/架位号 状态 备注
1 1362245   213622454   第一样本阅览室/ [索取号:G85/606] 在馆    
2 1362246   213622463   教育系资料室/ [索取号:G85/606] 在馆    
3 1362247   213622472   教育系资料室/ [索取号:G85/606] 在馆    
4 1362248   213622481   第四借阅区/ [索取号:G85/606] 在馆    
5 1362249   213622490   第四借阅区/ [索取号:G85/606] 在馆    
唐山师范学院图书馆 欢迎您!
大连网信软件有限公司© 版权所有